[Event "CHI-chT"]
[Site "Chile"]
[Date "2023.11.10"]
[Round "7.3"]
[White "Barria Otey, Oscar Bairon"]
[Black "Conejeros Fredes, Tomas Gabriel"]
[Result "0-1"]
[WhiteElo "1508"]
[BlackElo "1411"]
[PlyCount "106"]
[EventDate "2023.11.07"]
[EventType "team-tourn"]
[EventRounds "7"]
[EventCountry "CHI"]
[SourceTitle "CB46_2023"]
[SourceDate "2023.11.15"]
[SourceVersion "1"]
[SourceVersionDate "2023.11.15"]
[SourceQuality "1"]
[WhiteTeam "UACH"]
[BlackTeam "UBB"]
[WhiteTeamCountry "CHI"]
[BlackTeamCountry "CHI"]

1. e4 c5 2. Nf3 d6 3. Bb5+ Nd7 4. d4 cxd4 5. Qxd4 a6 6. Be2 Ngf6 7. 0-0 e6 8. c4 Be7 9. b3 0-0 10. Nbd2 Qc7 11. h3 b6 12. Bb2 Bb7 13. Rfe1 Rac8 14. Bf1 Rfe8 15. Rad1 Bf8 16. e5 dxe5 17. Nxe5 Nxe5 18. Rxe5 Red8 19. Qh4 Be7 20. Rg5 Ne8 21. Be5 Qxe5 22. Rxe5 Bxh4 23. Ree1 g6 24. Nb1 Ng7 25. Nc3 Nf5 26. Na4 Rxd1 27. Rxd1 Rd8 28. Rxd8+ Bxd8 29. c5 b5 30. Nb6 Bxb6 31. cxb6 Kf8 32. a4 Nd4 33. axb5 Nxb5 34. Bc4 Ke7 35. Kf1 Kd6 36. g3 Kc5 37. Ke2 Kxb6 38. Ke3 Kc5 39. Kf4 Bd5 40. Ke5 Bxc4 41. bxc4 Kxc4 42. Kf6 a5 43. Kxf7 a4 44. Kg7 a3 45. Kxh7 a2 46. Kxg6 a1Q 47. f4 Nd6 48. g4 Qd4 49. f5 exf5 50. gxf5 Qe4 51. h4 Qxf5+ 52. Kg7 Qf7+ 53. Kh8 Nf5 0-1

[Event "CHI-chT"]
[Site "Chile"]
[Date "2023.11.09"]
[Round "6.3"]
[White "Conejeros Fredes, Tomas Gabriel"]
[Black "Sebastian Gaete, Daniel Eduardo"]
[Result "1-0"]
[WhiteElo "1411"]
[BlackElo "1762"]
[PlyCount "51"]
[EventDate "2023.11.07"]
[EventType "team-tourn"]
[EventRounds "7"]
[EventCountry "CHI"]
[SourceTitle "CB46_2023"]
[SourceDate "2023.11.15"]
[SourceVersion "1"]
[SourceVersionDate "2023.11.15"]
[SourceQuality "1"]
[WhiteTeam "UBB"]
[BlackTeam "PUC"]
[WhiteTeamCountry "CHI"]
[BlackTeamCountry "CHI"]

1. e4 c6 2. d3 d5 3. Nd2 e5 4. Ngf3 Nf6 5. g3 Bd6 6. Bg2 0-0 7. 0-0 Re8 8. Re1 d4 9. a4 c5 10. Nc4 Bc7 11. Nh4 Nc6 12. Nf5 Be6 13. Nd2 Qd7 14. Qf3 g6 15. Nh6+ Kg7 16. Nc4 Ng4 17. Nf5+ gxf5 18. exf5 Bxf5 19. h3 Nf6 20. g4 Bg6 21. Bh6+ Kxh6 22. Qxf6 Bd8 23. g5+ Kh5 24. Bf3+ Kh4 25. Re4+ Kxh3 26. Bg2# 1-0